[Event "Mittelfrank Regionalliga Sud-West 2223"]
[Site "Mittelfranken"]
[Date "2023.04.23"]
[Round "9.7"]
[White "Beyerlein, Andreas"]
[Black "Wunderlich, Elias"]
[Result "0-1"]
[WhiteElo "1962"]
[BlackElo "1991"]
[PlyCount "130"]
[EventDate "2022.10.09"]
[EventType "team-tourn"]
[EventRounds "9"]
[EventCountry "GER"]
[SourceTitle "EXT 2024"]
[Source "ChessBase"]
[SourceDate "2023.10.10"]
[SourceVersion "1"]
[SourceVersionDate "2023.10.10"]
[SourceQuality "1"]
[WhiteTeam "Altstadt Roter Turm"]
[BlackTeam "Garching III"]
[WhiteTeamCountry "GER"]
[BlackTeamCountry "GER"]

1. e4 e6 2. d4 d5 3. exd5 exd5 4. Bd3 Nf6 5. Nf3 c5 6. dxc5 Bxc5 7. Qe2+ Qe7 8. Qxe7+ Bxe7 9. 0-0 Nc6 10. c3 Bg4 11. Nd4 Nxd4 12. cxd4 0-0 13. Nc3 Rac8 14. Bg5 Be6 15. Rfe1 h6 16. Bh4 g5 17. Bg3 Bb4 18. Rec1 Nh5 19. a3 Be7 20. Be5 f6 21. Bg3 Nxg3 22. hxg3 Kf7 23. Re1 Rc6 24. Re3 f5 25. Be2 g4 26. f3 Bf6 27. Rd1 h5 28. Red3 Rfc8 29. Kf2 Rd6 30. Nb5 Rb6 31. R3d2 Bd7 32. Nc3 Ke6 33. Ke3 Kd6 34. Kd3 Bg5 35. f4 Bf6 36. Ke3 Rb3 37. Kf2 a5 38. Nb1 h4 39. Nc3 hxg3+ 40. Kxg3 b5 41. Kf2 b4 42. axb4 axb4 43. Na2 Bh4+ 44. Kg1 Bg3 45. Rf1 Ra8 46. Nc1 Re3 47. Nd3 Bb5 48. Nc1 Bc4 49. Rc2 b3 50. Rd2 Re4 51. Bxc4 dxc4 52. Ne2 Bh4 53. g3 Bf6 54. Kg2 Rae8 55. Nc3 Re1 56. Rxe1 Rxe1 57. Kf2 Rh1 58. Kg2 Rc1 59. Kf2 Rc2 60. Ke3 Rxd2 61. Kxd2 Bxd4 62. Nb5+ Kc5 63. Nc3 Bxc3+ 64. Kxc3 Kd5 65. Kd2 Kd4 0-1

[Event "Mittelfrank Regionalliga Sud-West 2223"]
[Site "Mittelfranken"]
[Date "2023.03.05"]
[Round "7.6"]
[White "Jachs, Walter"]
[Black "Beyerlein, Andreas"]
[Result "0-1"]
[WhiteElo "1966"]
[BlackElo "1962"]
[PlyCount "114"]
[EventDate "2022.10.09"]
[EventType "team-tourn"]
[EventRounds "9"]
[EventCountry "GER"]
[SourceTitle "EXT 2024"]
[Source "ChessBase"]
[SourceDate "2023.10.10"]
[SourceVersion "1"]
[SourceVersionDate "2023.10.10"]
[SourceQuality "1"]
[WhiteTeam "Haar"]
[BlackTeam "Altstadt Roter Turm"]
[WhiteTeamCountry "GER"]
[BlackTeamCountry "GER"]

1. e4 d5 2. exd5 Qxd5 3. Nc3 Qd8 4. d4 Nf6 5. Nf3 Bg4 6. h3 Bxf3 7. Qxf3 c6 8. g4 e6 9. g5 Nd5 10. Ne4 Nb4 11. Qe2 Qxd4 12. c3 Qd5 13. a3 N4a6 14. Bg2 Qd8 15. 0-0 Be7 16. Bf4 0-0 17. b4 Nd7 18. Rad1 Qc8 19. h4 Rd8 20. Bh3 Nf8 21. h5 Nc7 22. Bd6 Nd5 23. Rxd5 cxd5 24. Bxe7 dxe4 25. Bxd8 Qxc3 26. Bg2 Rxd8 27. Qxe4 b6 28. h6 Qxa3 29. Qe5 f6 30. gxf6 gxh6 31. Qf4 Qd3 32. Be4 Qh3 33. Re1 Kf7 34. Bc6 Nd7 35. Bg2 Rg8 36. Qe4 Nxf6 37. Re3 Nxe4 38. Rxh3 Rg6 39. Kf1 Nd2+ 40. Ke2 Rxg2 41. Kxd2 Rxf2+ 42. Ke3 Rf6 43. Rh1 Kg6 44. Ra1 Rf7 45. Rg1+ Kf6 46. Rh1 Ke5 47. Rh5+ Kd6 48. Rxh6 Kd5 49. Rh4 e5 50. Rh5 a5 51. bxa5 bxa5 52. Rh1 Ra7 53. Rd1+ Ke6 54. Ra1 a4 55. Ra3 Kf5 56. Kf3 e4+ 57. Ke3 Ke5 0-1

[Event "Mittelfrank Regionalliga Sud-West 2223"]
[Site "Mittelfranken"]
[Date "2022.10.09"]
[Round "1.4"]
[White "Jankowski, Moritz"]
[Black "Beyerlein, Andreas"]
[Result "0-1"]
[WhiteElo "1945"]
[BlackElo "1962"]
[PlyCount "40"]
[EventDate "2022.10.09"]
[EventType "team-tourn"]
[EventRounds "9"]
[EventCountry "GER"]
[SourceTitle "EXT 2024"]
[Source "ChessBase"]
[SourceDate "2023.10.10"]
[SourceVersion "1"]
[SourceVersionDate "2023.10.10"]
[SourceQuality "1"]
[WhiteTeam "Marktoberdorf"]
[BlackTeam "Altstadt Roter Turm"]
[WhiteTeamCountry "GER"]
[BlackTeamCountry "GER"]

1. e4 c5 2. d4 cxd4 3. c3 dxc3 4. Nxc3 Nc6 5. Nf3 d6 6. Bc4 a6 7. 0-0 Nf6 8. Bf4 Bg4 9. h3 Bxf3 10. Qxf3 e6 11. Rfd1 Qb8 12. Be2 Ne5 13. Qg3 Be7 14. Qxg7 Rg8 15. Qh6 Rg6 16. Qh4 Nd5 17. Qxh7 Nxf4 18. Bf1 Qa7 19. Qh8+ Bf8 20. Rxd6 Nf3+ 0-1

[Event "Mittelfrank Regionalliga Sud-West 2122"]
[Site "Mittelfranken"]
[Date "2022.06.26"]
[Round "3.8"]
[White "Beyerlein, Andreas"]
[Black "Kapfer, Ulrich"]
[Result "1/2-1/2"]
[WhiteElo "1947"]
[BlackElo "1801"]
[PlyCount "107"]
[EventDate "2021.10.24"]
[EventType "team-tourn"]
[EventRounds "9"]
[EventCountry "GER"]
[SourceTitle "EXT 2024"]
[Source "ChessBase"]
[SourceDate "2023.10.10"]
[SourceVersion "1"]
[SourceVersionDate "2023.10.10"]
[SourceQuality "1"]
[WhiteTeam "Altstadt Roter Turm"]
[BlackTeam "Dillingen"]
[WhiteTeamCountry "GER"]
[BlackTeamCountry "GER"]

1. e4 e6 2. d4 d5 3. Nd2 dxe4 4. Nxe4 Nd7 5. Bd3 Ngf6 6. Qe2 Be7 7. Nf3 b6 8. Ne5 Nxe5 9. dxe5 Nd7 10. f4 Bb7 11. Be3 c5 12. 0-0-0 Qc7 13. Bb5 0-0-0 14. Nd6+ Bxd6 15. Rxd6 Nb8 16. Rhd1 a6 17. Rxd8+ Rxd8 18. Bd3 g6 19. b3 Qc6 20. Rg1 b5 21. Kb1 Nd7 22. Qf2 c4 23. Be2 Qc7 24. Rd1 cxb3 25. axb3 Nb8 26. Bc5 Rxd1+ 27. Bxd1 Bxg2 28. Bd6 Qb7 29. Qh4 Qd7 30. Qxh7 Nc6 31. h4 Kb7 32. h5 gxh5 33. Bxh5 Nd8 34. Kb2 a5 35. Qd3 b4 36. c4 bxc3+ 37. Qxc3 Nc6 38. Be2 Bd5 39. Qc5 Qd8 40. Bh5 f5 41. Qg1 Qb6 42. Qg7+ Kc8 43. Qf8+ Nd8 44. b4 Qd4+ 45. Kc2 a4 46. b5 Bb3+ 47. Kb1 Qc3 48. Bd1 Bxd1 49. Bb4 Qb3+ 50. Ka1 Bc2 51. Qc5+ Kb7 52. Qe7+ Kb6 53. Qc5+ Kb7 54. Qe7+ 1/2-1/2

[Event "Mittelfrank Regionalliga Sud-West 2122"]
[Site "Mittelfranken"]
[Date "2022.05.29"]
[Round "9.8"]
[White "Beyerlein, Andreas"]
[Black "Alferova, Emily"]
[Result "0-1"]
[WhiteElo "1947"]
[BlackElo "1686"]
[PlyCount "50"]
[EventDate "2021.10.24"]
[EventType "team-tourn"]
[EventRounds "9"]
[EventCountry "GER"]
[SourceTitle "EXT 2024"]
[Source "ChessBase"]
[SourceDate "2023.10.10"]
[SourceVersion "1"]
[SourceVersionDate "2023.10.10"]
[SourceQuality "1"]
[WhiteTeam "Altstadt Roter Turm"]
[BlackTeam "Garching III"]
[WhiteTeamCountry "GER"]
[BlackTeamCountry "GER"]

1. e4 e5 2. Nf3 Nc6 3. d4 exd4 4. Nxd4 g6 5. Be3 Bg7 6. Nc3 Nge7 7. Bc4 0-0 8. f3 Na5 9. Bb3 Nxb3 10. axb3 c6 11. Nde2 d6 12. Rxa7 Rxa7 13. Bxa7 c5 14. 0-0 Nc6 15. Qa1 Nb4 16. Nb5 Nxc2 17. Qc1 Qa5 18. Nxd6 Nd4 19. Nf4 Qxa7 20. b4 Bh6 21. Kh1 Ne2 22. Qe3 Bxf4 23. Nxc8 Bxe3 24. Nxa7 Nd4 25. Re1 Bd2 0-1

[Event "Mittelfrank Regionalliga Sud-West 2122"]
[Site "Mittelfranken"]
[Date "2022.03.13"]
[Round "6.8"]
[White "Jagdhuber, Hans"]
[Black "Beyerlein, Andreas"]
[Result "1/2-1/2"]
[WhiteElo "1813"]
[BlackElo "1947"]
[PlyCount "118"]
[EventDate "2021.10.24"]
[EventType "team-tourn"]
[EventRounds "9"]
[EventCountry "GER"]
[SourceTitle "EXT 2024"]
[Source "ChessBase"]
[SourceDate "2023.10.10"]
[SourceVersion "1"]
[SourceVersionDate "2023.10.10"]
[SourceQuality "1"]
[WhiteTeam "Augsburg Rochade"]
[BlackTeam "Altstadt Roter Turm"]
[WhiteTeamCountry "GER"]
[BlackTeamCountry "GER"]

1. c4 e5 2. g3 Nf6 3. Bg2 h6 4. Nc3 Bb4 5. Nd5 Nxd5 6. Bxd5 0-0 7. a3 Be7 8. Bg2 Nc6 9. e3 d6 10. d4 exd4 11. exd4 Bg5 12. Ne2 Bg4 13. f3 Bh5 14. 0-0 Qe7 15. Nf4 Bxf4 16. Bxf4 Qf6 17. Be3 Rfe8 18. Bf2 Re7 19. d5 Na5 20. Bd4 Qg5 21. Qd3 b5 22. cxb5 Rae8 23. f4 Qg6 24. Qxg6 Bxg6 25. Rac1 Nb3 26. Bxa7 Nxc1 27. Rxc1 Ra8 28. b6 cxb6 29. Bxb6 Re2 30. Bd4 Ra4 31. Rc8+ Kh7 32. Bf3 Rd2 33. Bc3 Rd3 34. Kf2 Be4 35. Be2 Rxd5 36. Rc4 Rxc4 37. Bxc4 Rf5 38. Ke3 Bd5 39. Bd3 g6 40. Bxf5 gxf5 41. Bb4 Kg6 42. Bxd6 Kf6 43. Be5+ Ke6 44. a4 Bc6 45. a5 Kd5 46. b4 Bb5 47. Kf3 h5 48. h3 Bc6 49. g4 Kc4+ 50. Kg3 fxg4 51. hxg4 hxg4 52. Bd6 f5 53. a6 Kb5 54. a7 Ka6 55. Bc5 Kb7 56. Kh4 Be4 57. b5 Bd3 58. b6 Be4 59. Kg5 Ka8 1/2-1/2

[Event "Mittelfrank Regionalliga Sud-West 2122"]
[Site "Mittelfranken"]
[Date "2021.11.14"]
[Round "2.7"]
[White "Beyerlein, Andreas"]
[Black "Oberhofer, Max"]
[Result "1/2-1/2"]
[WhiteElo "1947"]
[BlackElo "1899"]
[PlyCount "75"]
[EventDate "2021.10.24"]
[EventType "team-tourn"]
[EventRounds "9"]
[EventCountry "GER"]
[SourceTitle "EXT 2024"]
[Source "ChessBase"]
[SourceDate "2023.10.10"]
[SourceVersion "1"]
[SourceVersionDate "2023.10.10"]
[SourceQuality "1"]
[WhiteTeam "Altstadt Roter Turm"]
[BlackTeam "Kempten"]
[WhiteTeamCountry "GER"]
[BlackTeamCountry "GER"]

1. e4 Nf6 2. e5 Nd5 3. d4 d6 4. Nf3 Bg4 5. Be2 e6 6. 0-0 Be7 7. h3 Bh5 8. c4 Nb6 9. Nc3 0-0 10. Be3 d5 11. c5 Bxf3 12. Bxf3 Nc4 13. Bf4 Nc6 14. b3 N4a5 15. Rc1 b6 16. Na4 Bg5 17. Bxg5 Qxg5 18. g3 f6 19. Bg4 f5 20. Be2 f4 21. Rc3 Rae8 22. Bb5 fxg3 23. Rxg3 Qf4 24. Qg4 Re7 25. Rd3 h5 26. Qxf4 Rxf4 27. Rfd1 Ref7 28. R3d2 Rh4 29. Bxc6 Nxc6 30. Nc3 Rxh3 31. Rc2 Rhf3 32. cxb6 cxb6 33. Nxd5 Nxe5 34. dxe5 exd5 35. Rxd5 Re7 36. e6 Rxe6 37. Rxh5 Re7 38. Kg2 1/2-1/2

[Event "Mittelfrank Regionalliga Sud-West 2122"]
[Site "Mittelfranken"]
[Date "2021.10.24"]
[Round "1.7"]
[White "Abdic, Adnan"]
[Black "Beyerlein, Andreas"]
[Result "1-0"]
[WhiteElo "2107"]
[BlackElo "1947"]
[PlyCount "51"]
[EventDate "2021.10.24"]
[EventType "team-tourn"]
[EventRounds "9"]
[EventCountry "GER"]
[SourceTitle "EXT 2024"]
[Source "ChessBase"]
[SourceDate "2023.10.10"]
[SourceVersion "1"]
[SourceVersionDate "2023.10.10"]
[SourceQuality "1"]
[WhiteTeam "Augsburg Schachfreunde"]
[BlackTeam "Altstadt Roter Turm"]
[WhiteTeamCountry "GER"]
[BlackTeamCountry "GER"]

1. e4 c5 2. Nf3 e6 3. d4 cxd4 4. Nxd4 Nf6 5. Nc3 Nc6 6. Ndb5 Bc5 7. Nd6+ Ke7 8. Nxc8+ Rxc8 9. Bd3 Ne5 10. Bf4 Ng6 11. Bd2 a6 12. Qe2 Qc7 13. g3 Rhd8 14. f4 d6 15. g4 b5 16. g5 Nd7 17. h4 Kf8 18. h5 Ne7 19. g6 fxg6 20. hxg6 hxg6 21. Qg4 Kf7 22. e5 d5 23. 0-0-0 b4 24. Nxd5 exd5 25. e6+ Kf6 26. Rde1 1-0

[Event "GER-ch Net blitz qual3"]
[Site "Playchess.com INT"]
[Date "2021.05.07"]
[Round "8"]
[White "Beyerlein, Andreas"]
[Black "Beesk, Kevin"]
[Result "0-1"]
[WhiteElo "1825"]
[BlackElo "2000"]
[PlyCount "122"]
[EventDate "2021.05.07"]
[EventType "swiss (blitz)"]
[EventRounds "11"]
[EventCountry "GER"]
[SourceTitle "CBM 202 Extra"]
[Source "ChessBase"]
[SourceDate "2021.07.31"]
[SourceVersion "1"]
[SourceVersionDate "2021.07.31"]
[SourceQuality "1"]

1. e4 c5 2. c3 d5 3. exd5 Nf6 4. Nf3 Nxd5 5. d4 e6 6. Bd3 cxd4 7. cxd4 Bb4+ 8. Bd2 Bxd2+ 9. Qxd2 Nd7 10. 0-0 N7f6 11. Nc3 0-0 12. Ne5 a6 13. a3 Bd7 14. Rac1 Rc8 15. Rfe1 Bc6 16. Nxc6 Rxc6 17. h3 Qd7 18. Qg5 h6 19. Qg3 Rd8 20. Red1 b5 21. Bb1 Rd6 22. Ne2 Kf8 23. Ba2 a5 24. Bb1 b4 25. Rc5 a4 26. axb4 Nxb4 27. Rc4 Nfd5 28. Nc3 Rb8 29. Ne4 Rdb6 30. Nc5 Qb5 31. Rcc1 Ra8 32. Be4 Na6 33. Bxd5 exd5 34. Qe5 Nxc5 35. Rxc5 Qxb2 36. Rxd5 Re8 37. Qc7 a3 38. Re5 Rbe6 39. Ra5 a2 40. Qc5+ Kg8 41. Qa7 Re1+ 42. Rxe1 Rxe1+ 43. Kh2 a1Q 44. Rxa1 Qxa1 45. Qb8+ Kh7 46. Qf4 Qa7 47. Qf5+ Kg8 48. Qc8+ Kh7 49. Qf5+ g6 50. Qd5 Re6 51. f3 Qc7+ 52. Kg1 Qc1+ 53. Kh2 Qf4+ 54. Kg1 Re1+ 55. Kf2 Qe3+ 56. Kg3 Qe6 57. Qd8 h5 58. d5 Qe5+ 59. f4 Qe3+ 60. Kh2 Qxf4+ 61. g3 Qf2# 0-1

[Event "GER-ch Net blitz qual3"]
[Site "Playchess.com INT"]
[Date "2021.05.07"]
[Round "7"]
[White "Beyerlein, Andreas"]
[Black "Wend, Uwe"]
[Result "1-0"]
[WhiteElo "1825"]
[BlackElo "2047"]
[PlyCount "85"]
[EventDate "2021.05.07"]
[EventType "swiss (blitz)"]
[EventRounds "11"]
[EventCountry "GER"]
[SourceTitle "CBM 202 Extra"]
[Source "ChessBase"]
[SourceDate "2021.07.31"]
[SourceVersion "1"]
[SourceVersionDate "2021.07.31"]
[SourceQuality "1"]

1. e4 c5 2. Nf3 d6 3. d4 cxd4 4. Nxd4 a6 5. Nc3 Nf6 6. Be3 e6 7. f3 Be7 8. Qd2 Qc7 9. 0-0-0 Nc6 10. g4 0-0 11. g5 Nh5 12. f4 b5 13. Be2 g6 14. Bxh5 gxh5 15. Nxc6 Qxc6 16. Qd4 Bb7 17. f5 b4 18. f6 bxc3 19. fxe7 cxb2+ 20. Kb1 Rfe8 21. e5 dxe5 22. Qxe5 Qe4 23. Qxe4 Bxe4 24. Rhe1 Rac8 25. Rd2 Bf5 26. Bd4 Rxe7 27. Kxb2 Rb7+ 28. Ka1 Rxc2 29. Rxc2 Bxc2 30. Rc1 Rb4 31. Bc3 Rg4 32. Rxc2 Rxg5 33. Bf6 Rg1+ 34. Kb2 h6 35. Rc8+ Kh7 36. Rh8+ Kg6 37. Rg8+ Kxf6 38. Rxg1 e5 39. Kc3 Ke6 40. Kd3 f5 41. Rg6+ Kd5 42. Rxa6 e4+ 43. Ke3 1-0

[Event "GER-ch Net blitz qual3"]
[Site "Playchess.com INT"]
[Date "2021.05.07"]
[Round "9"]
[White "Noetzel, Felix"]
[Black "Beyerlein, Andreas"]
[Result "0-1"]
[WhiteElo "1950"]
[BlackElo "1825"]
[PlyCount "76"]
[EventDate "2021.05.07"]
[EventType "swiss (blitz)"]
[EventRounds "11"]
[EventCountry "GER"]
[SourceTitle "CBM 202 Extra"]
[Source "ChessBase"]
[SourceDate "2021.07.31"]
[SourceVersion "1"]
[SourceVersionDate "2021.07.31"]
[SourceQuality "1"]

1. c4 e5 2. Nc3 Bb4 3. g3 Nf6 4. Bg2 Nc6 5. e4 Bxc3 6. dxc3 d6 7. Nf3 Nxe4 8. Nxe5 Qe7 9. Nxc6 bxc6 10. 0-0 0-0 11. Re1 d5 12. f3 Qc5+ 13. Be3 Qxc4 14. fxe4 dxe4 15. Qd4 Qxd4 16. Bxd4 Rb8 17. c4 Be6 18. b3 f5 19. Rad1 a5 20. Be5 Rf7 21. g4 g6 22. gxf5 gxf5 23. Bh3 h6 24. Kf2 Kh7 25. Rg1 a4 26. Rb1 Rd7 27. Rgd1 Rxd1 28. Rxd1 axb3 29. axb3 Rxb3 30. Bxc7 Rxh3 31. Bg3 f4 32. Bxf4 Rf3+ 33. Kg2 Rxf4 34. Rd6 Rf6 35. c5 e3 36. Rd3 Bd5+ 37. Kg3 e2 38. Re3 Re6 0-1

[Event "GER-ch Net blitz qual3"]
[Site "Playchess.com INT"]
[Date "2021.05.07"]
[Round "10"]
[White "Singh, Marcel"]
[Black "Beyerlein, Andreas"]
[Result "1-0"]
[WhiteElo "2027"]
[BlackElo "1825"]
[PlyCount "117"]
[EventDate "2021.05.07"]
[EventType "swiss (blitz)"]
[EventRounds "11"]
[EventCountry "GER"]
[SourceTitle "CBM 202 Extra"]
[Source "ChessBase"]
[SourceDate "2021.07.31"]
[SourceVersion "1"]
[SourceVersionDate "2021.07.31"]
[SourceQuality "1"]

1. e4 c5 2. c3 d5 3. exd5 Qxd5 4. d4 Nc6 5. dxc5 Qxd1+ 6. Kxd1 e5 7. b4 Bg4+ 8. Kc2 Bf5+ 9. Kb3 a5 10. a3 axb4 11. cxb4 Nd4+ 12. Kb2 Nc2 13. Bb5+ Kd8 14. Nf3 Nxa1 15. Nxe5 Be6 16. Rd1+ Ke7 17. c6 bxc6 18. Nxc6+ Kf6 19. Kxa1 Ne7 20. Bb2+ Kg6 21. Ne5+ Kf5 22. Bd3+ Kg5 23. h4+ Kh6 24. g4 g5 25. Nxf7+ Bxf7 26. Bf6 Rg8 27. Rh1 Bh5 28. hxg5+ Rxg5 29. Bxg5+ Kxg5 30. Rxh5+ Kxg4 31. Rxh7 Nd5 32. f3+ Kg3 33. Be4 Rd8 34. Ka2 Nf4 35. Kb3 Bd6 36. Nc3 Be5 37. Re7 Bb8 38. Rg7+ Kf2 39. Nb5 Rd1 40. a4 Ra1 41. a5 Be5 42. Re7 Bf6 43. Rf7 Be5 44. Rf5 Bb8 45. Na3 Ne6 46. Kb2 Re1 47. Nc2 Re2 48. b5 Nd4 49. Kc3 Nxf5 50. Bxf5 Be5+ 51. Kd3 Kxf3 52. b6 Rh2 53. Be4+ Kf4 54. Bc6 Rh3+ 55. Kc4 Rb3 56. Kxb3 Bb8 57. a6 Ke5 58. a7 Bxa7 59. bxa7 1-0

[Event "GER-ch Net blitz qual2"]
[Site "Playchess.com INT"]
[Date "2021.05.04"]
[Round "10"]
[White "Beyerlein, Andreas"]
[Black "Kuehn, Viktoria"]
[Result "0-1"]
[WhiteElo "1923"]
[BlackElo "1736"]
[PlyCount "48"]
[EventDate "2021.05.04"]
[EventType "swiss (blitz)"]
[EventRounds "11"]
[EventCountry "GER"]
[SourceTitle "CBM 202 Extra"]
[Source "ChessBase"]
[SourceDate "2021.07.31"]
[SourceVersion "1"]
[SourceVersionDate "2021.07.31"]
[SourceQuality "1"]

1. e4 c6 2. Nc3 d5 3. exd5 cxd5 4. Nf3 Bg4 5. Be2 e6 6. d4 Nf6 7. h3 Bh5 8. Qd3 Nc6 9. a3 Bg6 10. Qd1 Bd6 11. Bg5 Be7 12. Bf4 0-0 13. 0-0 a6 14. Nh4 Na5 15. Nxg6 hxg6 16. Re1 b5 17. b3 Rc8 18. Qd2 Qb6 19. a4 Bb4 20. axb5 Bxc3 21. Qd3 Bxa1 22. Rxa1 axb5 23. Bd2 Nc6 24. Ra2 Qxd4 0-1

[Event "GER-ch Net blitz qual2"]
[Site "Playchess.com INT"]
[Date "2021.05.04"]
[Round "5"]
[White "Promyshlyanskiy, Vitaliy"]
[Black "Beyerlein, Andreas"]
[Result "1-0"]
[WhiteElo "2122"]
[BlackElo "1923"]
[PlyCount "119"]
[EventDate "2021.05.04"]
[EventType "swiss (blitz)"]
[EventRounds "11"]
[EventCountry "GER"]
[SourceTitle "CBM 202 Extra"]
[Source "ChessBase"]
[SourceDate "2021.07.31"]
[SourceVersion "1"]
[SourceVersionDate "2021.07.31"]
[SourceQuality "1"]

1. e4 c5 2. Nc3 Nc6 3. Bb5 e6 4. Bxc6 dxc6 5. d3 Bd6 6. f4 Ne7 7. Nf3 0-0 8. Be3 b6 9. 0-0 Ba6 10. b3 Ng6 11. e5 Be7 12. Qe1 Nh4 13. Ne4 Nf5 14. Bd2 Nd4 15. Nxd4 cxd4 16. Qg3 Kh8 17. f5 exf5 18. Rxf5 Bc8 19. Rf3 Bh4 20. Qf4 Be7 21. Raf1 Be6 22. Ng5 Bxg5 23. Qxg5 Qxg5 24. Bxg5 h6 25. Be7 Rfe8 26. Bd6 Bd5 27. Rxf7 Bxf7 28. Rxf7 Re6 29. Rb7 Kg8 30. a4 c5 31. Bb8 Kh7 32. h3 Rxb8 33. Rxb8 Rxe5 34. a5 bxa5 35. Rb5 Re2 36. Rxc5 Kg6 37. Kh2 Kf6 38. Kg3 g6 39. Kf3 Rd2 40. g4 h5 41. gxh5 gxh5 42. Ke4 Rh2 43. Rxh5 Rxc2 44. Kxd4 a4 45. bxa4 Ra2 46. a5 Ra4+ 47. Ke3 Kg6 48. Re5 Rh4 49. d4 Rxh3+ 50. Ke4 Rh4+ 51. Kd5 Rh1 52. Kc6 Rb1 53. d5 Kf6 54. Re2 Ra1 55. d6 Rc1+ 56. Kb7 Rd1 57. Kc7 Rc1+ 58. Kd8 Rd1 59. d7 Ra1 60. Ke8 1-0

[Event "GER-ch Net blitz qual2"]
[Site "Playchess.com INT"]
[Date "2021.05.04"]
[Round "2"]
[White "Wartenberg, Alexander"]
[Black "Beyerlein, Andreas"]
[Result "0-1"]
[WhiteElo "1620"]
[BlackElo "1923"]
[PlyCount "38"]
[EventDate "2021.05.04"]
[EventType "swiss (blitz)"]
[EventRounds "11"]
[EventCountry "GER"]
[SourceTitle "CBM 202 Extra"]
[Source "ChessBase"]
[SourceDate "2021.07.31"]
[SourceVersion "1"]
[SourceVersionDate "2021.07.31"]
[SourceQuality "1"]

1. e4 c5 2. Nf3 a6 3. d4 cxd4 4. Nxd4 e5 5. Nf3 Nf6 6. Nxe5 Qa5+ 7. Nc3 Qxe5 8. Bd3 Bb4 9. Bd2 0-0 10. 0-0 Nc6 11. f4 Qd4+ 12. Kh1 d6 13. a3 Ba5 14. b4 Bc7 15. Re1 Ng4 16. Ne2 Nf2+ 17. Kg1 Nh3+ 18. Kh1 Qg1+ 19. Nxg1 Nf2# 0-1

[Event "GER-ch Net blitz qual1"]
[Site "Playchess.com INT"]
[Date "2021.04.24"]
[Round "4"]
[White "Beyerlein, Andreas"]
[Black "Buss, Alexander"]
[Result "1-0"]
[WhiteElo "1620"]
[BlackElo "1729"]
[PlyCount "87"]
[EventDate "2021.04.24"]
[EventType "swiss (blitz)"]
[EventRounds "11"]
[EventCountry "GER"]
[SourceTitle "CBM 202 Extra"]
[Source "ChessBase"]
[SourceDate "2021.07.31"]
[SourceVersion "1"]
[SourceVersionDate "2021.07.31"]
[SourceQuality "1"]

1. e4 c5 2. Nf3 Nc6 3. b3 e6 4. Bb2 Nf6 5. Nc3 Be7 6. e5 Ng4 7. Ne4 0-0 8. h3 Nh6 9. g4 d5 10. exd6 Bxd6 11. Nxd6 Qxd6 12. Qe2 Rd8 13. 0-0-0 Nd4 14. Nxd4 cxd4 15. Bg2 f6 16. Qd3 e5 17. Kb1 Nf7 18. Rde1 Rb8 19. Be4 Ng5 20. Bg2 b5 21. h4 Ne6 22. Qg3 Nf4 23. Be4 Bb7 24. f3 Bxe4 25. fxe4 d3 26. c3 b4 27. c4 a5 28. g5 Ne2 29. Qg4 Nd4 30. Rhg1 Nc2 31. Ref1 Na3+ 32. Bxa3 bxa3 33. gxf6 Rd7 34. f7+ Rxf7 35. Rxf7 Kxf7 36. Qxg7+ Ke6 37. Qh6+ Kd7 38. Rg7+ Kc6 39. Qxh7 Qd4 40. Rg6+ Kc5 41. Qc7+ Kb4 42. Qxb8+ Kc5 43. Qc7+ Kb4 44. Rb6+ 1-0

[Event "DSOL 02 Liga Gr-A 1st"]
[Site "Playchess.com INT"]
[Date "2020.08.10"]
[Round "2.3"]
[White "Beyerlein, Andreas"]
[Black "Baumann, Stephan"]
[Result "1/2-1/2"]
[WhiteElo "2011"]
[BlackElo "1967"]
[PlyCount "84"]
[EventDate "2020.06.22"]
[EventType "team-tourn (rapid)"]
[EventCountry "GER"]
[SourceTitle "EXT 2021"]
[Source "ChessBase"]
[SourceDate "2020.10.23"]
[SourceVersion "1"]
[SourceVersionDate "2020.10.23"]
[SourceQuality "1"]
[WhiteTeam "Altstadt Roter Turm"]
[BlackTeam "Muenster"]
[WhiteTeamCountry "GER"]
[BlackTeamCountry "GER"]

1. e4 e5 2. Nf3 Nc6 3. d4 exd4 4. Nxd4 Nf6 5. Nc3 Bb4 6. Nxc6 bxc6 7. Bd3 0-0 8. 0-0 d5 9. exd5 cxd5 10. Bg5 Be6 11. Qf3 Be7 12. h3 h6 13. Bf4 c5 14. Rad1 Qb6 15. b3 Rad8 16. Be5 Rfe8 17. Bb5 Rf8 18. Bd3 a6 19. Rfe1 Rfe8 20. Na4 Qa7 21. Bc3 d4 22. Ba5 Rb8 23. Nb2 Bd5 24. Qf4 Qb7 25. f3 Qc6 26. Nc4 Nh5 27. Qc7 Bh4 28. Qxc6 Bxc6 29. Re5 Rxe5 30. Nxe5 Bb5 31. a4 Bxd3 32. Nxd3 Rc8 33. Bb6 c4 34. Nc5 cxb3 35. cxb3 Bg5 36. Ne4 Be3+ 37. Kh1 f5 38. Nc5 Rc6 39. a5 d3 40. Nxd3 Bxb6 41. axb6 Rxb6 42. b4 Nf6 1/2-1/2

[Event "DSOL 02 Liga Gr-A 1st"]
[Site "Playchess.com INT"]
[Date "2020.07.10"]
[Round "3.4"]
[White "Beyerlein, Andreas"]
[Black "Sakkal, Ahmad"]
[Result "0-1"]
[WhiteElo "2011"]
[BlackElo "2048"]
[PlyCount "122"]
[EventDate "2020.06.22"]
[EventType "team-tourn (rapid)"]
[EventCountry "GER"]
[SourceTitle "EXT 2021"]
[Source "ChessBase"]
[SourceDate "2020.10.23"]
[SourceVersion "1"]
[SourceVersionDate "2020.10.23"]
[SourceQuality "1"]
[WhiteTeam "Altstadt Roter Turm"]
[BlackTeam "Walldorf"]
[WhiteTeamCountry "GER"]
[BlackTeamCountry "GER"]

1. e4 Nf6 2. e5 Nd5 3. d4 d6 4. Bc4 Nb6 5. Bb3 Bf5 6. e6 Bxe6 7. Bxe6 fxe6 8. Nf3 Nc6 9. 0-0 g6 10. Re1 Qd7 11. Ng5 e5 12. d5 Nd8 13. Nc3 Bh6 14. Nge4 Bxc1 15. Qxc1 0-0 16. Qh6 e6 17. dxe6 Nxe6 18. Rad1 Qg7 19. Qh3 Nf4 20. Qg4 Rae8 21. a4 a5 22. b3 Ne6 23. Qe2 Nd4 24. Qd2 d5 25. Nc5 c6 26. Ne2 Rxf2 27. Kxf2 Nxe2 28. Kxe2 Nc8 29. Kf2 Qf8+ 30. Kg1 Qxc5+ 31. Kh1 Nd6 32. Re2 Ne4 33. Rxe4 dxe4 34. Qd7 Qe7 35. Qd2 Rf8 36. Qxa5 Qf6 37. h3 e3 38. Qc3 Qf2 39. Re1 Qg3 40. a5 h5 41. Rg1 h4 42. a6 bxa6 43. Qxc6 Kg7 44. Qb7+ Kh6 45. Qxa6 Rf2 46. Qc8 e2 47. Qh8+ Kg5 48. Qd8+ Kf4 49. Qf6+ Ke3 50. Qb6+ Kd2 51. Qd8+ Ke3 52. Qb6+ Ke4 53. Qc6+ Kf5 54. Qc8+ Kf4 55. Qf8+ Ke4 56. Qb4+ Kd5 57. Qc4+ Kd6 58. Qb4+ Ke6 59. Qc4+ Kf6 60. Qc6+ Kg5 61. Qe6 e1Q 0-1